Airport Codes in North America - Statistics

General Stats
  • This quiz has been taken 397 times
  • The average score is 23 of 32
Answer Stats
Hint Answer % Correct
Atlanta ATL
95%
Miami MIA
95%
Boston BOS
94%
Denver DEN
94%
Seatlle SEA
94%
New York City (Largest) JFK
90%
Las Vegas LAS
90%
Buffalo BUF
89%
Cleveland CLE
89%
Mexico City MEX
89%
Houston HOU
87%
San Diego SAN
87%
Boise BOI
86%
Syracuse SYR
84%
Rochester, NY ROC
81%
Augusta, ME AUG
77%
Little Rock LIT
72%
Chicago (Largest) ORD
71%
Dallas DFW
68%
New York City (#2) LGA
67%
Washington DC (Largest) IAD
62%
Newark EWR
60%
Orlando MCO
57%
Toronto YYZ
57%
Charlotte CLT
52%
Detroit DTW
49%
Baltimore BWI
48%
Chicago (#2) MDW
47%
Washington DC (#2) DCA
46%
New Orleans MSY
41%
Kansas City MCI
37%
Key West EYW
23%
No matching quizzes found
Score Distribution
Percent of People with Each Score
Percentile by Number Answered
Your Score History
You have not taken this quiz